[Event "16th Winter Open"]
[Site "Nice FRA"]
[Date "2000.12.26"]
[Round "1"]
[White "Govciyan,P"]
[Black "Georgiev,Vl"]
[Result "1-0"]
[WhiteElo "2175"]
[BlackElo "2564"]

1.d4 Nf6 2.c4 d6 3.Nf3 g6 4.g3 Bg7 5.Bg2 O-O 6.O-O c6 7.Nc3 Qa5 8.e4 e5 9.h3 Nbd7
10.Qe2 exd4 11.Nxd4 Re8 12.Be3 Qc7 13.Rfd1 a6 14.Rac1 c5 15.Nc2 Ne5 16.b3 Be6
17.Ne1 Rad8 18.Kh2 Qa5 19.f3 h6 20.Nd3 Nc6 21.Qd2 Kh7 22.Nf4 b5 23.Nfd5 Ng8
24.cxb5 axb5 25.Nxb5 Qxb5 26.Nc7 Qb8 27.Nxe8 Bd4 28.Bxd4 Nxd4 29.Nxd6 Qxd6
30.Qc3 Rc8 31.Qe3 Qb6 32.Rd2 Ne7 33.f4 f5 34.Qf2 Rc7 35.b4 Nec6 36.Rxc5 fxe4
37.Rxd4 Nxd4 38.Rxc7+ Qxc7 39.Qxd4 Bxa2 40.Qxe4 Kg7 41.Qd4+ Kf7 42.b5 Qc2
43.b6 Be6 44.b7 Qb1 45.Qa7  1-0

[Event "Christmas Open"]
[Site "Zurich SUI"]
[Date "2000.12.28"]
[Round "4"]
[White "Czebe,A"]
[Black "Jenni,F"]
[Result "0-1"]
[WhiteElo "2520"]
[BlackElo "2440"]

1.c4 g6 2.d4 Bg7 3.g3 Nf6 4.Bg2 d6 5.Nf3 O-O 6.O-O a6 7.Nc3 Nc6 8.Qc2 e5
9.dxe5 dxe5 10.Rd1 Nd4 11.Nxd4 exd4 12.e3 c5 13.exd4 cxd4 14.Ne2 Bf5 15.Qb3 Ne4
16.Qxb7 Rb8 17.Qd5 Qe7 18.Nf4 Nc3 19.bxc3 dxc3 20.Bd2 Rfd8 21.Bxc3 Bxc3 22.Qc6 Bxa1
23.Rxa1 Rd2 24.Nd5 Qe2 25.Rf1 Qe6 26.Qc7 Rbb2 27.a4 Kg7 28.Nf4 Qf6 29.Bd5 Rb1
30.Rxb1 Bxb1 31.Ne6+ Kh6 32.Qf4+ Qxf4 33.Nxf4 Kg7 34.c5 Ba2 35.Bf3 Rc2 36.c6 Kf6
37.h4 Ke5 38.Nd3+ Kd6 39.Kg2 a5 40.Nf4 Bb3 41.Be4  0-1

[Event "1st Wilhelm Steinitz Mem"]
[Site "Prague CZE"]
[Date "2000.12.31"]
[Round "6"]
[White "Konopka,M"]
[Black "Lanka,Z"]
[Result "1/2-1/2"]
[WhiteElo "2453"]
[BlackElo "2504"]

1.Nf3 Nf6 2.c4 g6 3.g3 Bg7 4.d4 O-O 5.Bg2 d6 6.Nc3 Nc6 7.O-O a6 8.b3 Rb8
9.Nd5 Nh5 10.Bb2 f5 11.Qd2 e6 12.Nf4 Nxf4 13.gxf4 Ne7 14.Rfd1 b5 15.Rac1 bxc4
16.Rxc4 Nd5 17.Ne1 Bb7  1/2-1/2

[Event "1st Wilhelm Steinitz Mem B"]
[Site "Prague CZE"]
[Date "2001.01.03"]
[Round "9"]
[White "Kopjonkin,G"]
[Black "Ustinov,O"]
[Result "1-0"]
[WhiteElo "2378"]
[BlackElo "2225"]

1.d4 Nf6 2.c4 g6 3.Nf3 Bg7 4.g3 O-O 5.Bg2 d6 6.O-O Nbd7 7.Nc3 e5 8.h3 a5
9.Qc2 c6 10.Rd1 Re8 11.dxe5 dxe5 12.Ng5 Qe7 13.b3 Nf8 14.a4 Rd8 15.Ba3 Rxd1+
16.Qxd1 Qd7 17.Qe1 Qf5 18.Nce4 Nxe4 19.Nxe4 Qh5 20.Kh2 f5 21.Bf3 Qh6 22.Bc1 f4
23.g4 Ne6 24.Bb2 Nd4 25.Rd1 Qh4 26.Qf1 Qe7 27.Rd3 Bd7 28.Qd1 c5 29.Ba3 Bc6
30.Bxc5 Qh4 31.Bxd4 Bxe4 32.Bxe4 exd4 33.Kg2  1-0

[Event "3rd Hilton Open"]
[Site "Basle SUI"]
[Date "2001.01.05"]
[Round "5"]
[White "Tukmakov,V"]
[Black "Pavlovic,Mi"]
[Result "1-0"]
[WhiteElo "2595"]
[BlackElo "2496"]

1.d4 Nf6 2.Nf3 g6 3.c4 Bg7 4.g3 O-O 5.Bg2 d6 6.O-O c6 7.Nc3 Nbd7 8.e4 e5
9.Rb1 a5 10.b3 exd4 11.Nxd4 Nc5 12.h3 Re8 13.Re1 Qe7 14.Bb2 Nfd7 15.f4 Nb6
16.Ba1 f5 17.Qd2 Qf8 18.Kh2 a4 19.exf5 axb3 20.f6 Bxf6 21.Rxe8 Qxe8 22.axb3 Qf7
23.Nce2 Bg7 24.Bc3 d5 25.cxd5 Nxd5 26.Bb2 Bd7 27.b4 Na4 28.Ra1 Ndb6 29.Bc1 Re8
30.Ra2 c5 31.bxc5 Nxc5 32.Rc2 Ne4 33.Qb4 Nd5 34.Qxb7 Ndf6 35.Nf3 Nd6 36.Qb4 Nfe4
37.Ne5 Bxe5 38.fxe5 Rxe5 39.Bb2  1-0

[Event "3rd Hilton Open"]
[Site "Basle SUI"]
[Date "2001.01.07"]
[Round "7"]
[White "Seres,L"]
[Black "Habibi,Al"]
[Result "1-0"]
[WhiteElo "2445"]
[BlackElo "2255"]

1.d4 d6 2.Nf3 Nf6 3.c4 g6 4.g3 Bg7 5.Bg2 O-O 6.Nc3 Nc6 7.d5 Na5 8.b3 c5 9.Bb2 a6
10.O-O Rb8 11.Nd2 b5 12.Qc2 bxc4 13.bxc4 Bh6 14.f4 Ng4 15.Nd1 Rxb2 16.Qxb2 Bg7
17.Qc1 Bd4+ 18.Kh1 Bxa1 19.Qxa1 Qb6 20.a3 Bd7 21.h3 Nf6 22.Nf2 Rb8 23.Qc3 Qc7
24.e4 Nh5 25.e5 f5 26.exf6 Nxf6 27.g4 Nb7 28.g5 Ne8 29.Ng4 Bxg4 30.hxg4 Ng7
31.Rf2 Rf8 32.Be4 Qc8 33.Qh3 Nd8 34.Rh2 h5 35.gxh6 Ne8 36.Bxg6 Nf6 37.Bf5 e6
38.dxe6 Nxe6 39.g5 Qb7+ 40.Qf3 Qxf3+ 41.Nxf3 Nxf4 42.gxf6 Rxf6 43.Be4 Kh8
44.Ng5 Ne6 45.Nxe6 Rxe6 46.Rh4  1-0

[Event "Anibal Open"]
[Site "Anibal Open ESP"]
[Date "2001.01.13"]
[Round "6"]
[White "Burmakin,V"]
[Black "Flores,Di"]
[Result "1/2-1/2"]
[WhiteElo "2538"]
[BlackElo "2358"]

1.d4 Nf6 2.Nf3 g6 3.c4 Bg7 4.g3 O-O 5.Bg2 d6 6.O-O c5 7.Nc3 Nc6 8.d5 Na5
9.Nd2 e5 10.dxe6 fxe6 11.Qa4 a6 12.Nde4 Nxe4 13.Nxe4 b5 14.Qd1 Bb7 15.Bg5 Qc7
16.Qxd6 Qxd6 17.Nxd6 Bxg2 18.Kxg2 Nxc4 19.Nxc4 bxc4 20.Rab1 Rfb8 21.Rfc1 Rb4
22.Bd2 Ra4 23.a3 Rb8 24.Bc3 Rb3 25.Bxg7 Kxg7 26.Rc2 c3 27.Rxc3 Rxc3 28.bxc3 Rxa3
29.Rb6 Kf6 30.f4 a5 31.c4 Rc3 32.Ra6 Rxc4 33.Rxa5 e5 34.Kf3 exf4 35.gxf4 g5
36.fxg5+  1/2-1/2

[Event "Belgian Interteams 2000-1"]
[Site "BEL"]
[Date "2001.01.14"]
[Round "12"]
[White "Meulders,R"]
[Black "Becker,D"]
[Result "1-0"]
[WhiteElo "2260"]
[BlackElo "2127"]

1.Nf3 Nf6 2.c4 d6 3.d4 g6 4.g3 Bg7 5.Bg2 O-O 6.O-O Nbd7 7.Qc2 e5 8.Rd1 Qe7
9.dxe5 dxe5 10.e4 c6 11.b3 Re8 12.Ba3 Nc5 13.Nc3 b6 14.h3 Bf8 15.Bb2 Nfd7
16.b4 Ne6 17.b5 cxb5 18.Nd5 Qc5 19.Nxe5  1-0

[Event "Tch-AUT 2000-01"]
[Site "Graz AUT"]
[Date "2001.01.20"]
[Round "7"]
[White "Brestian,E"]
[Black "Vogt,L"]
[Result "1-0"]
[WhiteElo "2421"]
[BlackElo "2478"]

1.d4 Nf6 2.Nf3 g6 3.c4 Bg7 4.g3 O-O 5.Bg2 d6 6.Nc3 Nbd7 7.O-O e5 8.d5 a5
9.b3 Nc5 10.Bb2 Nh5 11.a3 f5 12.b4 Na6 13.Nd2 Bd7 14.Qb3 b6 15.Nb5 Qe8 16.bxa5 Nc5
17.Qc2 Bxb5 18.cxb5 Qxb5 19.axb6 Qxe2 20.bxc7 Rfc8 21.Rac1 Rxc7 22.Rfe1 Qb5
23.Bf1 Qb7 24.Nc4 Ne4 25.Bc3 Nhf6 26.Red1 Qa7 27.Be1 Rac8 28.Qa2 Ng4 29.h3 Nxg3
30.hxg4 Nxf1 31.Kxf1 Qa6 32.Qe2 Rxc4 33.Rxc4 Qxc4 34.Qxc4 Rxc4 35.gxf5 gxf5
36.Bb4 Bf8 37.Ke2 Kf7 38.Rh1 h6 39.f3 Rc2+ 40.Kd3 Rf2 41.a4 Ke7 42.a5 Kd7
43.Kc4 Kc7 44.Kb5 Rxf3 45.a6 Rd3 46.Rc1+  1-0

[Event "It"]
[Site "Bajmok YUG"]
[Date "2001.01.28"]
[Round "3"]
[White "Ikras,D"]
[Black "Petre,NT"]
[Result "1/2-1/2"]
[WhiteElo "2175"]
[BlackElo "2327"]

1.d4 Nf6 2.c4 g6 3.Nf3 Bg7 4.g3 O-O 5.Bg2 d6 6.O-O c6 7.Nc3 Qa5 8.e4 e5 9.Re1 Nbd7
10.h3 Re8 11.Be3 exd4 12.Nxd4 Ne5 13.Bf1 Be6 14.Nxe6 Rxe6 15.Kg2 a6 16.Qb3 b5
17.a3 bxc4 18.Bxc4 Nxc4 19.Qxc4 d5 20.exd5 cxd5 21.Qd3 Rae8  1/2-1/2

[Event "TCh-SVK"]
[Site "SVK"]
[Date "2001.01.28"]
[Round "7"]
[White "Jablonicky,F"]
[Black "Rakay,K"]
[Result "1-0"]
[WhiteElo "2172"]
[BlackElo "2130"]

1.Nf3 Nf6 2.d4 g6 3.g3 Bg7 4.Bg2 O-O 5.c4 d6 6.O-O Nc6 7.d5 Na5 8.Nfd2 c5
9.Nc3 a6 10.Rb1 Rb8 11.Qc2 b5 12.b3 e5 13.dxe6 Bxe6 14.cxb5 axb5 15.b4 Nc4
16.bxc5 b4 17.Nce4 Nxe4 18.Nxe4 d5 19.Ng5 Bf5 20.e4 dxe4 21.Qxc4 e3 22.Bxe3 Bxb1
23.Rxb1 Bh6 24.Nxf7 Rxf7 25.Bd5 Bxe3 26.Bxf7+ Kg7 27.fxe3 Qe7 28.Be6 Re8
29.Rxb4 Qf6 30.Qd4 Rxe6 31.Rb6  1-0

[Event "It"]
[Site "Bajmok YUG"]
[Date "2001.01.29"]
[Round "4"]
[White "Zegarac,B"]
[Black "Kizov,A"]
[Result "0-1"]
[WhiteElo "2271"]
[BlackElo "2363"]

1.d4 Nf6 2.c4 g6 3.Nf3 Bg7 4.g3 O-O 5.Bg2 d6 6.O-O c6 7.Nc3 Qb6 8.h3 Qa6
9.b3 b5 10.cxb5 cxb5 11.Qd3 b4 12.Ne1 Bxh3 13.Bxa8 Bxf1 14.Kxf1 Qxd3 15.Nxd3 bxc3
16.a4 Nbd7 17.Bc6 Rc8 18.d5 Nb8 19.Ba8 Nbd7 20.Bc6 Nc5 21.Nxc5 dxc5 22.Bf4 Ne4
23.Ke1 Nd2 24.Ra3 c2 25.Kxd2 Bb2 26.Kxc2 Bxa3 27.e4 f6 28.Kc3 g5  0-1

[Event "FSIMB February"]
[Site "Budapest HUN"]
[Date "2001.02.03"]
[Round "1"]
[White "Nemeth,Z"]
[Black "Farago,S"]
[Result "1/2-1/2"]
[WhiteElo "2319"]
[BlackElo "2285"]

1.Nf3 Nf6 2.g3 g6 3.c4 Bg7 4.d4 O-O 5.Bg2 d6 6.O-O Nc6 7.Nc3 Rb8 8.h3 a6
9.e4 b5 10.e5 dxe5 11.dxe5 Qxd1 12.Rxd1 Nd7 13.e6 fxe6 14.cxb5 axb5 15.Ng5 Nd4
16.Be3 c5 17.Nce4 e5 18.Bxd4 exd4 19.Ne6 Rf5 20.Rac1 Bb7 21.N4xc5 Nxc5 22.Nxc5 Bxg2
23.Kxg2  1/2-1/2

[Event "TCh-FRA"]
[Site "Monaco FRA"]
[Date "2001.02.03"]
[Round "2"]
[White "Caposciutti,M"]
[Black "Guadalpi,D"]
[Result "1-0"]
[WhiteElo "2355"]
[BlackElo "2282"]

1.Nf3 g6 2.d4 Nf6 3.c4 Bg7 4.g3 O-O 5.Bg2 d6 6.O-O c6 7.Nc3 Qa5 8.e4 e5 9.h3 Nbd7
10.Re1 exd4 11.Nxd4 Re8 12.Rb1 Ne5 13.Bf1 Be6 14.b4 Qc7 15.f4 Nh5 16.fxe5 Nxg3
17.Bf4 Nxf1 18.exd6 Qb6 19.c5 Qa6 20.Rxf1 Bxh3 21.e5 Bxe5 22.Bxe5 Rxe5 23.Rf4 Rae8
24.Qd2 Rg5+ 25.Kh1 b5 26.Re1 Qc8 27.Rxe8+ Qxe8 28.Ne4 Bg2+ 29.Qxg2 Qe5 30.Qxg5  1-0

[Event "1st Mario Covas"]
[Site "Santos BRA"]
[Date "2001.02.04"]
[Round "7"]
[White "Izeta,F"]
[Black "Zapata,A"]
[Result "1-0"]
[WhiteElo "2448"]
[BlackElo "2485"]

1.d4 Nf6 2.Nf3 g6 3.c4 Bg7 4.g3 O-O 5.Bg2 d6 6.O-O c6 7.Nc3 Qa5 8.e4 Bg4
9.h3 Bxf3 10.Bxf3 e5 11.d5 cxd5 12.cxd5 Nbd7 13.a3 Rfc8 14.Be3 a6 15.b4 Qd8
16.Qb3 Qf8 17.g4 h6 18.Rac1 Nh7 19.Be2 Bf6 20.Na4 Bg5 21.Kg2 Qd8 22.Nb2 Bf4
23.f3 h5 24.Rxc8 Rxc8 25.Bf2 hxg4 26.hxg4 Qc7 27.Nc4 b5 28.Na5 Qc2 29.Bd1 Qxb3
30.Bxb3 Rc3 31.Be1 Rd3 32.a4 Ndf6 33.axb5 axb5 34.Bc2 Ra3 35.Bb3 Ra1 36.Bf2 Rxf1
37.Kxf1 Bd2 38.Nc6 Ng5 39.Ke2 Bc3 40.Bh4 Nfh7 41.Bc2 Nh3 42.Be7 N7g5 43.Bxg5 Nxg5
44.Bd3 Nh3 45.Bxb5 Nf4+ 46.Ke3 Kf8 47.Bf1 Bb2 48.Kd2 Ba3 49.Kc2 f5 50.Kb3 Bc1
51.Ka4 Be3 52.Ka5 Ke8 53.b5  1-0

[Event "FSIMB February"]
[Site "Budapest HUN"]
[Date "2001.02.06"]
[Round "3"]
[White "Nemeth,Z"]
[Black "Meszaros,T"]
[Result "1-0"]
[WhiteElo "2319"]
[BlackElo "2239"]

1.Nf3 Nf6 2.g3 g6 3.Bg2 Bg7 4.c4 d6 5.d4 O-O 6.O-O c5 7.dxc5 dxc5 8.Nc3 Nc6
9.Bf4 Nd7 10.Qc1 Re8 11.Rd1 e5 12.Bh6 e4 13.Ne1 f5 14.Bxg7 Kxg7 15.f3 exf3
16.exf3 Nd4 17.Nc2 Ne2+ 18.Nxe2 Rxe2 19.Ne3 f4 20.gxf4 Qh4 21.Qc3+ Nf6 22.Re1 Qf2+
23.Kh1 Rxb2 24.Rab1 Rxa2 25.Qe5 Kf7 26.Rf1 Qe2 27.Rfe1 Qf2 28.Red1 Bh3 29.Rxb7+ Kg8
30.Rg1 Rf8 31.Qe7 Nd7 32.f5 Rd2 33.Rxd7 Rxd7 34.Qxd7 Bxg2+ 35.Nxg2 Qxf3 36.fxg6 hxg6
37.Qxa7 Qf5 38.Qe7 Rf7 39.Qd8+ Kh7 40.Qd5 Qf2 41.Qe4 Rf5 42.Nh4 Qf4 43.Qg2  1-0

[Event "12th Goodricke Open"]
[Site "Calcutta IND"]
[Date "2001.02.09"]
[Round "4"]
[White "Sharma,D"]
[Black "Reinderman,D"]
[Result "1/2-1/2"]
[WhiteElo "2353"]
[BlackElo "2539"]

1.d4 g6 2.Nf3 Bg7 3.c4 d6 4.g3 Nf6 5.Bg2 O-O 6.O-O Nc6 7.Nc3 e5 8.d5 Ne7
9.e4 Nd7 10.Ne1 f5 11.Nd3 Kh8 12.Kh1 Nf6 13.f4 fxe4 14.Nxe4 Bg4 15.Qe1 Nxe4
16.Bxe4 exf4 17.Bxf4 Qd7 18.Qd2  1/2-1/2

[Event "12th Goodricke Open"]
[Site "Calcutta IND"]
[Date "2001.02.09"]
[Round "4"]
[White "Harikrishna,P"]
[Black "Wajih,N"]
[Result "1/2-1/2"]
[WhiteElo "2514"]
[BlackElo "2350"]

1.d4 Nf6 2.c4 g6 3.Nf3 Bg7 4.g3 O-O 5.Bg2 d6 6.O-O Nc6 7.Nc3 e5 8.d5 Ne7
9.e4 Nd7 10.Ne1 f5 11.Nd3 Nf6 12.Bg5 Nxe4 13.Nxe4 fxe4 14.Bxe4 Bf5 15.Bg2 h6
16.Be3 Bd7 17.Bd2 Nf5 18.Bc3 c5 19.dxc6 Bxc6 20.Bxc6 bxc6 21.c5 e4 22.Nf4 Bxc3
23.bxc3 d5 24.Ne6 Qe7 25.Nxf8 Rxf8 26.Qg4 Kh7 27.Rab1 h5 28.Qe2 Rf7 29.Qa6 e3
30.Qe2 Qxc5 31.fxe3 Qxc3 32.Rf3 Qe5 33.Qc2 Rc7 34.Qc5 Qe4 35.Rbf1 Qe6 36.Rc1 Qe4
37.Rcf1 Qe6 38.Re1 Re7 39.Rff1 Qe5 40.Rf3 Qe6 41.Ref1 Rd7 42.a4 d4 43.Rxf5  1/2-1/2

[Event "FSIMB February"]
[Site "Budapest HUN"]
[Date "2001.02.10"]
[Round "7"]
[White "Nemeth,Z"]
[Black "Resika,N"]
[Result "1-0"]
[WhiteElo "2319"]
[BlackElo "2288"]

1.d4 g6 2.g3 Bg7 3.Bg2 d6 4.Nf3 Nf6 5.c4 O-O 6.O-O Nc6 7.Nc3 a6 8.d5 Na5
9.Nd2 c5 10.Qc2 Rb8 11.b3 b5 12.Bb2 Bh6 13.f4 bxc4 14.bxc4 e5 15.dxe6 Bxe6
16.Nd5 Rxb2 17.Qxb2 Bg7 18.Qc1 Bxd5 19.cxd5 Ng4 20.Rb1 Ne3 21.Re1 Re8 22.Bf3 Bd4
23.Kh1 h5 24.Qa3 Nc2 25.Qd3 Nxe1 26.Rxe1 Re3 27.Qxa6 c4 28.Nxc4 Nxc4 29.Qxc4 Bc5
30.Rb1 Kg7 31.Rb3 Rxb3 32.Qxb3 Qf6 33.Qd1 h4 34.Kg2 hxg3 35.hxg3 Qc3 36.a4 Kf8
37.Qb1 Kg7 38.Qb5 Qd4 39.a5 Qg1+ 40.Kh3 Qf1+ 41.Bg2 Qa1 42.a6 Qa3 43.Be4 Qa1
44.Qd3 Qf1+ 45.Bg2 Qa1 46.e4 Kg8 47.e5 dxe5 48.d6 exf4 49.d7 Qh8+ 50.Kg4 Qh5+
51.Kxf4 g5+ 52.Ke5 g4+ 53.Qf5 Qh8+ 54.Kf4 Qd4+ 55.Be4 Qd2+ 56.Kxg4 Qd1+ 57.Kh3  1-0

[Event "ch-ROM Women"]
[Site "Baile Tusnad ROM"]
[Date "2001.02.11"]
[Round "5"]
[White "Calotescu,C"]
[Black "Foisor,C"]
[Result "0-1"]
[WhiteElo "2206"]
[BlackElo "2418"]

1.Nf3 g6 2.d4 Bg7 3.c4 d6 4.g3 Nf6 5.Bg2 O-O 6.O-O c6 7.Nc3 Bf5 8.Ne1 Qc8
9.e4 Bh3 10.Be3 Bxg2 11.Kxg2 a6 12.f3 Nbd7 13.Rc1 b5 14.Rf2 bxc4 15.Na4 Qb7
16.b3 cxb3 17.Rb2 Rab8 18.Rxb3 Qa8 19.Nd3 a5 20.Ra3 Rfc8 21.Qd2 Ne8 22.Ndb2 d5
23.e5 e6 24.Nd3 Bf8 25.Ndc5 Bxc5 26.dxc5 Rb5 27.Bd4 Qb8 28.Qe3 Rb1 29.Rc2 Qb5
30.Qd3 Nc7 31.Qxb5 Nxb5 32.Rd3 Rb4  0-1

[Event "FSIMA February"]
[Site "Budapest HUN"]
[Date "2001.02.11"]
[Round "8"]
[White "Suranyi,P"]
[Black "Erdelyi,Z"]
[Result "0-1"]
[WhiteElo "2163"]
[BlackElo "2244"]

1.d4 Nf6 2.Nf3 g6 3.g3 Bg7 4.c4 O-O 5.Bg2 d6 6.O-O Nc6 7.Nc3 a6 8.d5 Na5
9.Nd2 c5 10.Qc2 Rb8 11.b3 b5 12.Rb1 bxc4 13.bxc4 Rxb1 14.Qxb1 Nd7 15.Qc2 Nb6
16.Nd1 Bd7 17.e4 Qc7 18.Qd3 Rb8 19.Ne3 Na4 20.Re1 Nc3 21.Nf3 Nxa2 22.Bd2 Nb3
23.e5 dxe5 24.d6 Qxd6 25.Nd5 Bf5 26.Qe2 e6 27.Ne3 Bd3 28.Qd1 e4 29.Ng5 f5
30.Nxf5 exf5 31.Bf4 Qb6 32.Bxb8 Qxb8 33.Qxd3 Nd4 34.Qa3 Qb4 35.Qxb4 cxb4
36.f3 h6 37.fxe4 hxg5 38.exf5 gxf5 39.c5 b3 40.Bd5+ Kf8 41.Bxb3 Nf3+  0-1

[Event "Open"]
[Site "Coria del Rio ESP"]
[Date "2001.02.15"]
[Round "2"]
[White "Calvo,J"]
[Black "Pena,D"]
[Result "1-0"]
[WhiteElo "2272"]
[BlackElo "2100"]

1.d4 Nf6 2.c4 d6 3.Nf3 g6 4.g3 Bg7 5.Bg2 O-O 6.O-O Nbd7 7.Nc3 c5 8.dxc5 Nxc5
9.Nd4 Rb8 10.h3 Ne6 11.Be3 Qa5 12.Nb3 Qh5 13.g4 Qe5 14.Qd2 Nd8 15.Bxa7 Nc6
16.f4 Qe6 17.Bxb8 Nxb8 18.Nd5 h5 19.Nd4 Qd7 20.Nxf6+ Bxf6 21.g5 Bg7 22.f5 Bxd4+
23.Qxd4 e5 24.fxe6 Qxe6 25.Qe4 Qd7 26.Rad1  1-0

[Event "5th Open"]
[Site "D'Agneaux Saint Lo FRA"]
[Date "2001.02.16"]
[Round "4"]
[White "Veron,C"]
[Black "Le Masle,R"]
[Result "1/2-1/2"]
[WhiteElo "2226"]
[BlackElo "2109"]

1.c4 g6 2.Nf3 Bg7 3.d4 d6 4.g3 Nf6 5.Bg2 O-O 6.O-O Nc6 7.Nc3 Bd7 8.e4 a6
9.Re1 Rb8 10.a4 Nb4 11.Bf1 Bg4 12.Bg2 Nd7 13.h3 Bxf3 14.Bxf3 c5 15.dxc5 Nxc5
16.Be2 Qd7 17.Bf1 Nc6 18.Be3 Ne6 19.Bg2 Ne5 20.Bf1 Rbc8  1/2-1/2

[Event "Masters"]
[Site "Bunratty IRL"]
[Date "2001.02.17"]
[Round "4"]
[White "Baburin,A"]
[Black "Hebden,M"]
[Result "1/2-1/2"]
[WhiteElo "2598"]
[BlackElo "2522"]

1.d4 Nf6 2.c4 g6 3.Nf3 Bg7 4.g3 O-O 5.Bg2 d6 6.O-O Nc6 7.Nc3 Rb8 8.d5 Na5
9.Qd3 c5 10.e4 e5 11.dxe6 Bxe6 12.Nd5 Nxd5 13.cxd5 Bd7 14.Re1 a6 15.Rb1 b5
16.Bf4 Qb6 17.Qd2 Rfe8 18.b3 Bg4 19.Nh4 b4 20.Rbc1 Rbc8 21.h3 Bd7 22.Nf3 c4
23.Be3 Qb5 24.Bd4 cxb3 25.Bxg7 Kxg7 26.axb3 Rxc1 27.Rxc1 Rc8 28.Rxc8 Bxc8
29.Nd4 Qc5 30.Bf1 Kg8 31.Kg2 Qb6 32.f4 Bd7 33.Be2 Nb7 34.e5 Nc5 35.Bf3 a5
36.e6 Be8 37.f5 Qd8 38.fxg6 fxg6 39.Nc6 Qf6 40.Nxa5 Bb5 41.Be2 Ne4 42.Qe3 Bxe2
43.Qxe2 Qe5 44.Qd3 Qb2+ 45.Kf3 Ng5+ 46.Ke3 Qe5+ 47.Kf2 Ne4+ 48.Kg2 Qb2+ 49.Kf3 Ng5+
50.Ke3 Qe5+  1/2-1/2

[Event "ENG-GER match women"]
[Site "Battle Abbey ENG"]
[Date "2001.02.19"]
[Round "4"]
[White "Flear,C"]
[Black "Heymann,U"]
[Result "0-1"]
[WhiteElo "2184"]
[BlackElo "2216"]

1.d4 Nf6 2.c4 g6 3.Nf3 Bg7 4.g3 O-O 5.Bg2 d6 6.O-O Nc6 7.Nc3 Bf5 8.d5 Na5
9.Nd4 Bd7 10.Qd3 c5 11.Nc2 a6 12.Rb1 b5 13.b3 Rb8 14.Bd2 e6 15.dxe6 Bxe6
16.Ne3 Re8 17.Ncd5 Ng4 18.Nxg4 Bxg4 19.Ne3 Be6 20.Bc3 bxc4 21.bxc4 Rxb1 22.Rxb1 Bxc3
23.Qxc3 Qc7 24.Bd5 Nc6 25.Bxe6 Rxe6 26.Nd5 Qd8 27.e3 g5 28.a3 Ne5 29.Rb7 h5
30.Qb3 Qa5 31.Qb1 Qxa3 32.Qf5 Qc1+ 33.Kg2 Qxc4 34.Qxg5+ Ng6 35.Ne7+ Kh7 36.Qxh5+ Kg7
37.Nf5+ Kf6 38.Nd4 cxd4 39.Qf3+ Ke5 40.Qh5+ Ke4 41.Qg4+ Kd5 42.Qf3+ Ke5 43.Qh5+ f5
44.f4+ Kd5 45.Qxf5+ Kc6 46.Rb2 Ne7 47.Qf8 Rxe3 48.Qa8+ Kc5 49.Qa7+ Kd5 50.Qa8+ Qc6
51.Qd8 Ke6+ 52.Kh3 Qf3  0-1

[Event "8th Metalis Open"]
[Site "Bizovac CRO"]
[Date "2001.02.22"]
[Round "1"]
[White "Relic Radakovic,R"]
[Black "Kozul,Z"]
[Result "0-1"]
[WhiteElo "2107"]
[BlackElo "2594"]

1.d4 g6 2.Nf3 Bg7 3.c4 d6 4.g3 Nf6 5.Bg2 O-O 6.O-O c6 7.Nc3 Qa5 8.h3 Be6
9.Qd3 Qa6 10.b3 d5 11.Ne5 Rd8 12.cxd5 Nxd5 13.Nxd5 Bxd5 14.Qxa6 Nxa6 15.e4 Be6
16.Bb2 Nb4 17.Bc3 a5 18.f4 Nc2 19.d5 cxd5 20.exd5 Bxd5 21.Bxd5 Rxd5 22.Rac1 Nb4
23.Rfd1 Nxa2 24.Rxd5 Nxc1 25.Bxa5 e6 26.Rb5 Ne2+ 27.Kf2 Nd4 28.Rxb7 Bxe5
29.Bb6 Bf6 30.b4 h5 31.Bc5 Ra2+ 32.Ke3 Ra3+ 33.Kf2 Rf3+ 34.Kg2 Rb3 35.Rb8+ Kh7
36.Rb7 Kg7 37.g4 Rb2+ 38.Kf1 Ne2 39.g5 Bd4 40.Bd6 Ng3+ 41.Ke1 Bc3+  0-1

[Event "Czech Extra League 2000-1"]
[Site "CZE"]
[Date "2001.02.24"]
[Round "6"]
[White "Jurka,M"]
[Black "Hagarova,Z"]
[Result "1-0"]
[WhiteElo "2351"]
[BlackElo "2317"]

1.Nf3 g6 2.d4 Nf6 3.c4 Bg7 4.g3 O-O 5.Bg2 d6 6.Nc3 Nbd7 7.O-O e5 8.e4 exd4
9.Nxd4 Re8 10.h3 a6 11.Nb3 a5 12.Nd4 Nc5 13.Re1 a4 14.Rb1 Bd7 15.Bf4 Qc8
16.Kh2 Ne6 17.Be3 Ra5 18.Ndb5 Bc6 19.Qc2 b6 20.f4 Nc5 21.Bd4 Re7 22.Rbd1 Qb7
23.e5 dxe5 24.Bxe5 Ra8 25.Nd4 Bxg2 26.Qxg2 Qxg2+ 27.Kxg2 Ne8 28.Nc6 Rd7 29.Rxd7 Nxd7
30.Bxg7 Kxg7 31.Re7 Nc5 32.Nd5 Nd3 33.Nxc7 Nxc7 34.Rxc7 Nxb2 35.Ne5 Rf8 36.Rb7 a3
37.Rxb6 f6 38.Rb7+ Kg8 39.Nd7 Rf7 40.c5 Nc4 41.c6 Nd6 42.Rb3 Re7 43.Rxa3 Re2+
44.Kf3 Rc2 45.Nxf6+ Kg7 46.Ne4 Nxe4 47.Kxe4 Rxc6 48.Ra7+ Kf6 49.Rxh7 Rc4+
50.Kf3 Ra4 51.Rb7 Rxa2 52.Rb6+ Kf7 53.Kg4 Ra3 54.Rb5 Kf6 55.h4  1-0

[Event "Czech Extra League 2000-1"]
[Site "CZE"]
[Date "2001.02.25"]
[Round "7"]
[White "Jurek,J"]
[Black "Blatny,P"]
[Result "0-1"]
[WhiteElo "2367"]
[BlackElo "2541"]

1.Nf3 d6 2.d4 Nf6 3.c4 g6 4.g3 Bg7 5.Bg2 O-O 6.Nc3 c6 7.O-O Qc7 8.h3 e5 9.e4 Nbd7
10.Be3 exd4 11.Nxd4 Re8 12.Qc2 a5 13.Rad1 Bf8 14.b3 Ra6 15.Rfe1 Nc5 16.a3 Ne6
17.b4 axb4 18.axb4 Nd7 19.Na4 Ne5 20.c5 dxc5 21.Nxc5 Nxc5 22.bxc5 Qe7 23.f4 Nd7
24.Nb3 Ra3 25.Rd6 f6 26.Qc4+ Qf7 27.Qxf7+ Kxf7 28.Rd3 Nb8 29.Bc1 Ra4 30.Be3 Na6
31.Rc1 Be6 32.Rdc3 Nb4 33.Rb1 Ra3 34.Bc1 Na2 35.Bxa3 Nxc3 36.Rb2 Ra8 37.Bb4 Na4
38.Rb1 Bxb3 39.Rxb3 Rd8 40.Kf1 Bxc5 41.Be1 Rd7 42.Bf3 Re7 43.Rd3 Nb2 44.Rd8 Nc4
45.Bc3 Bb6 46.Rh8 Kg7 47.Ra8 Rd7 48.Ke2 Bd4 49.Bg4 Rd6 50.Bb4 c5 51.Be1 h5
52.Bf3 Rb6 53.Kd3 Nd6 54.Bd1 Rb1 55.Kc2 Rb2+ 56.Kd3 Kf7 57.Rd8 Ke7 58.Rg8 b5
59.Rxg6 Rb1 60.Kc2 Ra1 61.e5 fxe5 62.fxe5 Nc4  0-1

[Event "Czech Extra League 2000-1"]
[Site "CZE"]
[Date "2001.02.25"]
[Round "7"]
[White "Tibensky,R"]
[Black "Lanka,Z"]
[Result "0-1"]
[WhiteElo "2440"]
[BlackElo "2507"]

1.d4 Nf6 2.c4 g6 3.Nf3 Bg7 4.g3 O-O 5.Bg2 d6 6.O-O Nc6 7.d5 Na5 8.Qa4 c5
9.Bd2 b6 10.Bc3 Rb8 11.Nbd2 e5 12.Qc2 Nb7 13.Ne1 Qe7 14.e4 h5 15.f4 h4 16.Qd3 hxg3
17.hxg3 Ng4 18.Nc2 f5 19.Rae1 Bd7 20.exf5 Bxf5 21.Be4 Qd7 22.Ne3 Nxe3 23.Rxe3 Rbe8
24.fxe5 dxe5 25.Nf3 Nd6 26.Nxe5 Bxe5 27.Bxf5 Rxf5 28.Rxf5 Qxf5 29.Qxf5 gxf5
30.Rxe5 Rxe5 31.Bxe5 Nxc4 32.Bc7 Kf7 33.Kf2 Nxb2 34.Ke3 Kf6 35.Bb8 a6 36.Bc7 b5
37.a3 Nc4+ 38.Kf4 b4 39.axb4 cxb4 40.g4 b3  0-1

[Event "Linklater Mem"]
[Site "San Francisco USA"]
[Date "2001.03.02"]
[Round "5"]
[White "Vucic,M"]
[Black "Krechetov,A"]
[Result "1/2-1/2"]
[WhiteElo "2364"]
[BlackElo "2300"]

1.d4 Nf6 2.Nf3 g6 3.c4 Bg7 4.g3 O-O 5.Bg2 d6 6.O-O Nc6 7.Nc3 e5 8.d5 Ne7
9.e4 Nd7 10.Ne1 f5 11.Nd3 Rf7 12.Bg5 h6 13.Bd2 a6 14.f4 c6 15.exf5 gxf5 16.fxe5 Nxe5
17.Nxe5 dxe5 18.Qc1 cxd5 19.Nxd5 Be6 20.Bxh6 Bxd5 21.cxd5 Nxd5 22.Bxg7 Kxg7
23.Bxd5 Qxd5 24.Qg5+ Kf8 25.Rad1 Qe6 26.Rd8+ Rxd8 27.Qxd8+ Kg7 28.Rd1 Qf6
29.Qb8 f4 30.Qd6 f3 31.Qxf6+ Kxf6 32.Kf2 e4 33.Ke3  1/2-1/2

[Event "Tch-NED"]
[Site "NED"]
[Date "2001.03.04"]
[Round "6"]
[White "Douven,R"]
[Black "Hommeles,T"]
[Result "1/2-1/2"]
[WhiteElo "2408"]
[BlackElo "2422"]

1.d4 g6 2.c4 Bg7 3.Nf3 d6 4.g3 Nf6 5.Bg2 O-O 6.O-O c6 7.Nc3 Qa5 8.h3 Be6
9.Qd3 Qa6 10.b3 d5 11.Ne5 Rd8 12.cxd5 Nxd5 13.Qxa6 Nxa6 14.Bb2 Nxc3 15.Bxc3 Bxe5
16.dxe5 Rd7 17.f4 c5 18.g4 Bd5 19.e4 Bc6 20.Rfd1 Rad8 21.Rxd7 Rxd7 22.Kf2 Rd3
23.Rc1 Nb4 24.Bxb4 cxb4 25.Rc2 e6 26.Ke2 Rg3 27.Kf1 Kf8 28.Rd2 Ke7 29.Kf2 Rc3
30.Bf3 a5 31.h4 b5 32.Ke2 a4 33.Rd3 Rc2+ 34.Rd2 Rc1 35.Rd1 Rc2+ 36.Rd2 Rc1
37.Rd1 Rc3 38.Rd3 Rc2+  1/2-1/2

[Event "FSIMA March"]
[Site "Budapest HUN"]
[Date "2001.03.09"]
[Round "6"]
[White "Nemeth,Z"]
[Black "Jurkovic,A"]
[Result "0-1"]
[WhiteElo "2319"]
[BlackElo "2349"]

1.Nf3 g6 2.g3 Bg7 3.d4 Nf6 4.c4 O-O 5.Bg2 d6 6.O-O c6 7.Nc3 Qa5 8.h3 e5 9.e4 Nbd7
10.Be3 Nb6 11.Nd2 Qa6 12.dxe5 dxe5 13.b3 Be6 14.Qc2 Rfd8 15.a4 Qa5 16.Rfb1 Bf8
17.b4 Bxb4 18.Nb3 Qa6 19.Bf1 Bxc4 20.Na2 Bxf1 21.Nxb4 Bd3 22.Qb2 Qc4 23.Nxd3 Rxd3
24.Nd2 Qe6 25.a5 Nbd7 26.Qc2 Rxe3 27.fxe3 Qxh3 28.Nf1 Rb8 29.a6 bxa6 30.Qxc6 Rb6
31.Qc2 Qg4 32.Rd1 Kg7 33.Rd2 Nf8 34.Ra4 Ne6 35.Qd1 Ng5 36.Qxg4 Nxg4 37.Rda2 Rb1
38.Ra1 Rb2 39.R4a2 Rb4 40.Ra4 Rb2 41.R4a2 Rb8 42.Rxa6 Nxe4 43.Rxa7 Ng5 44.Ra8 Rb2
45.R8a2 Nf3+ 46.Kh1 Rxa2 47.Rxa2 e4 48.Ra6 h5 49.Kg2 f5 50.Ra7+ Kh6 51.Ra5 Ne1+
52.Kg1 Nc2 53.Ra7 Ncxe3 54.Nxe3 Nxe3 55.Kf2 Ng4+ 56.Kg2 Kg5 57.Ra6 Ne5 58.Re6 Nf3
59.Ra6 h4 60.gxh4+ Nxh4+ 61.Kg3 f4+ 62.Kh3 Nf5 63.Re6 e3 64.Re4 f3 65.Rg4+ Kh5
66.Rf4 e2  0-1

[Event "FSIMB March"]
[Site "Budapest HUN"]
[Date "2001.03.09"]
[Round "6"]
[White "Goczo,M"]
[Black "Zimmerman,Y"]
[Result "0-1"]
[WhiteElo "2185"]
[BlackElo "2386"]

1.d4 Nf6 2.Nf3 g6 3.c4 Bg7 4.g3 O-O 5.Bg2 d6 6.O-O Nc6 7.d5 Na5 8.Nfd2 c5
9.Nc3 a6 10.Qc2 Rb8 11.b3 b5 12.Rb1 Qc7 13.Bb2 Bf5 14.e4 Bd7 15.Ne2 bxc4
16.bxc4 e5 17.dxe6 Bxe6 18.Nf4 Nc6 19.a3 Nd4 20.Qd3 Nd7 21.Bxd4 cxd4 22.Rxb8 Rxb8
23.Rb1 Ne5 24.Rxb8+ Qxb8 25.Qc2 Qb6 26.Bf1 Qa5 27.Nb3 Nf3+ 28.Kh1 Qxa3 29.Be2 Ne5
30.Nxe6 fxe6 31.Nxd4 Qa1+ 32.Qd1 Qxd1+ 33.Bxd1 Nd3 34.Be2 Nxf2+ 35.Kg2 Bxd4  0-1